[Event "DEM U10 2017"]
[Site "Willingen GER"]
[Date "2017.06.10"]
[Round "11"]
[White "Krüger, Aurelian"]
[Black "Zielke, Ansgar"]
[Result "1/2-1/2"]
[Termination "normal"]
[Board "10"]
[WhiteElo "1657"]
[BlackElo "1450"]
[WhiteClock "00:14:52"]
[BlackClock "00:08:54"]
[PlyCount "85"]
[WhiteFideId "16230400"]
[BlackFideId "16244800"]
[EventCountry "GER"]
[EventRounds "11"]
[EventType "swiss"]
[EventDate "2017.06.03"]

1. e4 {[%clk 1:15:58]} 1... c5 {[%clk 1:15:52]} 2. d4 {[%clk 1:16:23]} 2...
cxd4 {[%clk 1:16:15]} 3. c3 {[%clk 1:11:59]} 3... d3 {[%clk 1:16:39]} 4. Bxd3 {
[%clk 1:12:20]} 4... d6 {[%clk 1:17:04]} 5. c4 {[%clk 1:11:44]} 5... Nc6 {
[%clk 1:17:24]} 6. Ne2 {[%clk 1:09:24]} 6... g6 {[%clk 1:16:38]} 7. Nbc3 {
[%clk 1:09:09]} 7... Nf6 {[%clk 1:12:57]} 8. f3 {[%clk 1:08:17]} 8... Bg7 {
[%clk 1:09:38]} 9. Be3 {[%clk 1:06:03]} 9... Bd7 {[%clk 1:06:05]} 10. Qd2 {
[%clk 1:02:47]} 10... O-O {[%clk 1:00:45]} 11. O-O {[%clk 0:57:05]} 11... Rc8 {
[%clk 0:54:13]} 12. Rac1 {[%clk 0:53:38]} 12... Ne5 {[%clk 0:48:44]} 13. b3 {
[%clk 0:44:02]} 13... a6 {[%clk 0:41:40]} 14. Rfd1 {[%clk 0:36:33]} 14... Bc6 {
[%clk 0:34:04]} 15. Nd5 {[%clk 0:28:54]} 15... Bxd5 {[%clk 0:34:00]} 16. cxd5 {
[%clk 0:19:51]} 16... Nxd3 {[%clk 0:31:35]} 17. Qxd3 {[%clk 0:19:12]} 17... Qd7
{[%clk 0:27:17]} 18. Nc3 {[%clk 0:14:13]} 18... b5 {[%clk 0:21:54]} 19. Ne2 {
[%clk 0:10:30]} 19... Rxc1 {[%clk 0:16:02]} 20. Rxc1 {[%clk 0:10:30]} 20... Rc8
{[%clk 0:16:00]} 21. Rxc8+ {[%clk 0:10:08]} 21... Qxc8 {[%clk 0:16:18]} 22. Nd4
{[%clk 0:10:28]} 22... Nd7 {[%clk 0:12:47]} 23. Nc6 {[%clk 0:08:54]} 23... Kf8
{[%clk 0:10:50]} 24. Bd4 {[%clk 0:06:20]} 24... Be5 {[%clk 0:08:18]} 25. Bxe5 {
[%clk 0:04:49]} 25... Nxe5 {[%clk 0:08:35]} 26. Qd4 {[%clk 0:04:55]} 26... f6 {
[%clk 0:08:52]} 27. Qb6 {[%clk 0:04:20]} 27... Ke8 {[%clk 0:04:32]} 28. Kf1 {
[%clk 0:03:54]} 28... Nd7 {[%clk 0:03:39]} 29. Qa7 {[%clk 0:03:52]} 29... Kf7 {
[%clk 0:02:07]} 30. Kf2 {[%clk 0:03:55]} 30... h5 {[%clk 0:02:09]} 31. h3 {
[%clk 0:03:55]} 31... h4 {[%clk 0:02:09]} 32. f4 {[%clk 0:03:18]} 32... g5 {
[%clk 0:01:59]} 33. g3 {[%clk 0:03:04]} 33... hxg3+ {[%clk 0:01:17]} 34. Kxg3 {
[%clk 0:03:27]} 34... gxf4+ {[%clk 0:01:42]} 35. Kxf4 {[%clk 0:03:47]} 35...
e5+ {[%clk 0:01:16]} 36. Kf5 {[%clk 0:03:17]} 36... Ke8 {[%clk 0:00:50]} 37.
Kg6 {[%clk 0:02:30]} 37... Kf8 {[%clk 0:01:03]} 38. h4 {[%clk 0:00:57]} 38...
Qe8+ {[%clk 0:01:15]} 39. Kh6 {[%clk 0:01:14]} 39... Kf7 {[%clk 0:00:57]} 40.
Kh5 {[%clk 0:01:04]} 40... Kf8+ {[%clk 0:01:12]} 41. Kg4 {[%clk 0:01:10]} 41...
Qc8 {[%clk 0:01:20]} 42. h5 {[%clk 0:15:08]} 42... Nb8+ {[%clk 0:08:54]} 43.
Kg3 {[%clk 0:14:52]} 1/2-1/2

[Event "DEM U10 2017"]
[Site "Willingen GER"]
[Date "2017.06.10"]
[Round "11"]
[White "Stork, Christopher"]
[Black "Fuhrmann, Bahne"]
[Result "1/2-1/2"]
[Termination "normal"]
[Board "11"]
[WhiteElo "1630"]
[BlackElo "1365"]
[WhiteClock "00:06:23"]
[BlackClock "00:19:02"]
[PlyCount "139"]
[WhiteFideId "16215400"]
[BlackFideId "16244842"]
[EventCountry "GER"]
[EventRounds "11"]
[EventType "swiss"]
[EventDate "2017.06.03"]

1. e4 {[%clk 1:15:58]} 1... Nf6 {[%clk 1:15:51]} 2. e5 {[%clk 1:16:22]} 2...
Nd5 {[%clk 1:16:16]} 3. c4 {[%clk 1:16:47]} 3... Nb6 {[%clk 1:16:40]} 4. d4 {
[%clk 1:17:11]} 4... d6 {[%clk 1:17:04]} 5. exd6 {[%clk 1:16:02]} 5... cxd6 {
[%clk 1:17:25]} 6. Nc3 {[%clk 1:10:59]} 6... g6 {[%clk 1:16:57]} 7. Bd3 { [%clk
0:58:22]} 7... Bg7 {[%clk 1:16:56]} 8. Nge2 {[%clk 0:57:27]} 8... Nc6 { [%clk
1:16:46]} 9. Be3 {[%clk 0:55:51]} 9... O-O {[%clk 1:16:11]} 10. O-O { [%clk
0:54:41]} 10... Nb4 {[%clk 1:15:14]} 11. a3 {[%clk 0:53:17]} 11... Nxd3 { [%clk
1:15:20]} 12. Qxd3 {[%clk 0:53:46]} 12... Bf5 {[%clk 1:15:25]} 13. Qd1 { [%clk
0:52:55]} 13... Nxc4 {[%clk 1:14:59]} 14. Qb3 {[%clk 0:51:59]} 14... Nb6 {[%clk
1:11:17]} 15. Ng3 {[%clk 0:49:32]} 15... Bd3 {[%clk 1:06:34]} 16. Rfd1 { [%clk
0:47:11]} 16... Bc4 {[%clk 1:01:13]} 17. Qc2 {[%clk 0:47:15]} 17... Qd7 { [%clk
1:01:05]} 18. h4 {[%clk 0:34:29]} 18... Qe6 {[%clk 0:58:17]} 19. Qd2 { [%clk
0:31:56]} 19... Bb3 {[%clk 0:57:40]} 20. Re1 {[%clk 0:31:34]} 20... Nc4 { [%clk
0:57:32]} 21. Qe2 {[%clk 0:31:09]} 21... Nxe3 {[%clk 0:50:59]} 22. Qxe3 { [%clk
0:27:08]} 22... Qxe3 {[%clk 0:47:58]} 23. fxe3 {[%clk 0:26:31]} 23... e5 {[%clk
0:46:37]} 24. Nge2 {[%clk 0:24:36]} 24... exd4 {[%clk 0:38:39]} 25. exd4 {[%clk
0:22:56]} 25... a6 {[%clk 0:37:47]} 26. Kh2 {[%clk 0:23:03]} 26... d5 { [%clk
0:37:09]} 27. g4 {[%clk 0:22:54]} 27... Rfe8 {[%clk 0:36:59]} 28. Rf1 { [%clk
0:18:09]} 28... Bc4 {[%clk 0:35:07]} 29. Rf2 {[%clk 0:17:43]} 29... Re7 { [%clk
0:35:08]} 30. Rd1 {[%clk 0:16:30]} 30... Rd8 {[%clk 0:28:42]} 31. Rd2 { [%clk
0:13:55]} 31... Re3 {[%clk 0:28:11]} 32. Kg2 {[%clk 0:12:29]} 32... Rd3 { [%clk
0:26:32]} 33. Rxd3 {[%clk 0:11:08]} 33... Bxd3 {[%clk 0:26:55]} 34. Rf4 { [%clk
0:10:00]} 34... Rd6 {[%clk 0:22:52]} 35. Rf3 {[%clk 0:09:34]} 35... Bxe2 {[%clk
0:21:48]} 36. Nxe2 {[%clk 0:09:58]} 36... Rb6 {[%clk 0:22:02]} 37. b3 { [%clk
0:10:10]} 37... Re6 {[%clk 0:21:39]} 38. Nc3 {[%clk 0:09:13]} 38... Bxd4 {[%clk
0:20:28]} 39. Nxd5 {[%clk 0:09:20]} 39... Re2+ {[%clk 0:18:24]} 40. Kh1 {[%clk
0:07:23]} 40... Re4 {[%clk 0:17:17]} 41. Rf4 {[%clk 0:07:14]} 41... Re1+ {[%clk
0:12:51]} 42. Kg2 {[%clk 0:07:09]} 42... Be5 {[%clk 0:12:28]} 43. Rf3 { [%clk
0:05:35]} 43... Re2+ {[%clk 0:10:34]} 44. Rf2 {[%clk 0:04:45]} 44... Re4 {[%clk
0:10:24]} 45. Kf3 {[%clk 0:13:52]} 45... Rd4 {[%clk 0:25:02]} 46. Ne3 { [%clk
0:14:15]} 46... Rd3 {[%clk 0:24:16]} 47. Ke4 {[%clk 0:07:55]} 47... Rxb3 {[%clk
0:24:29]} 48. Ra2 {[%clk 0:06:49]} 48... Bg7 {[%clk 0:23:52]} 49. Kf4 { [%clk
0:05:10]} 49... Rb2 {[%clk 0:23:30]} 50. Rxb2 {[%clk 0:05:29]} 50... Bxb2
{[%clk 0:23:53]} 51. Nc4 {[%clk 0:05:57]} 51... Bc1+ {[%clk 0:24:02]} 52. Ke5 {
[%clk 0:05:42]} 52... b5 {[%clk 0:23:45]} 53. Nd6 {[%clk 0:05:50]} 53... Bxa3 {
[%clk 0:24:01]} 54. Ne4 {[%clk 0:06:09]} 54... Be7 {[%clk 0:24:05]} 55. g5 {
[%clk 0:06:24]} 55... b4 {[%clk 0:23:16]} 56. Kd4 {[%clk 0:06:42]} 56... h6 {
[%clk 0:22:42]} 57. Kc4 {[%clk 0:06:57]} 57... Kg7 {[%clk 0:22:20]} 58. Kb3 {
[%clk 0:05:22]} 58... f6 {[%clk 0:22:08]} 59. gxf6+ {[%clk 0:05:33]} 59... Bxf6
{[%clk 0:22:31]} 60. Kxb4 {[%clk 0:05:54]} 60... Bxh4 {[%clk 0:22:53]} 61. Ka5
{[%clk 0:05:27]} 61... g5 {[%clk 0:20:54]} 62. Kxa6 {[%clk 0:05:50]} 62... g4 {
[%clk 0:21:18]} 63. Kb5 {[%clk 0:06:17]} 63... g3 {[%clk 0:21:28]} 64. Nxg3 {
[%clk 0:05:28]} 64... Bxg3 {[%clk 0:21:45]} 65. Kc4 {[%clk 0:05:50]} 65... Kg6
{[%clk 0:21:13]} 66. Kd3 {[%clk 0:06:11]} 66... Kh5 {[%clk 0:21:39]} 67. Ke2 {
[%clk 0:06:23]} 67... Kg4 {[%clk 0:19:23]} 68. Kf1 {[%clk 0:06:46]} 68... h5 {
[%clk 0:18:56]} 69. Kg2 {[%clk 0:06:23]} 69... h4 {[%clk 0:19:02]} 70. Kg1
1/2-1/2

[Event "DEM U10 2017"]
[Site "Willingen GER"]
[Date "2017.06.10"]
[Round "11"]
[White "Klühs, Gustaf"]
[Black "Krüger, Arthur"]
[Result "1-0"]
[Termination "normal"]
[Board "12"]
[WhiteElo "1620"]
[BlackElo "1116"]
[WhiteClock "00:56:35"]
[BlackClock "00:31:04"]
[PlyCount "77"]
[WhiteFideId "16228936"]
[BlackFideId "16244966"]
[EventCountry "GER"]
[EventRounds "11"]
[EventType "swiss"]
[EventDate "2017.06.03"]

1. d4 d5 2. Nf3 Nf6 3. c4 e6 4. Nc3 Be7 5. Bf4 O-O 6. e3 b6 7. cxd5 exd5 8. Bd3
Bb7 9. O-O Nbd7 10. Rc1 Ne4 11. Qc2 Ndf6 12. Ne5 c5 13. f3 c4 14. Bxe4 dxe4 15.
fxe4 b5 16. Nxb5 Nxe4 17. Nc3 Nxc3 18. Qxc3 Qd5 19. Qd2 Bb4 20. Qe2 f6 21. Nxc4
g5 22. Bg3 h5 23. a3 Be7 24. Qf3 Qd7 25. Qxh5 g4 26. Ne5 Qd5 27. Qxg4+ Kh7 28.
Qf5+ Kg8 29. Qg6+ Kh8 30. Nf3 Qb3 31. Qh6+ Kg8 32. Rc3 Qxb2 33. Rc7 Rae8 34.
Qg6+ Kh8 35. Bd6 Qb3 36. Qh6+ Kg8 37. Rxe7 Rxe7 38. Bxe7 Rf7 39. Qg6+ 1-0

[Event "DEM U10 2017"]
[Site "Willingen GER"]
[Date "2017.06.10"]
[Round "11"]
[White "Weissenberger, Julius"]
[Black "Fuchs, Florian"]
[Result "1/2-1/2"]
[Termination "normal"]
[Board "13"]
[WhiteElo "1381"]
[BlackElo "1758"]
[PlyCount "41"]
[WhiteFideId "16244826"]
[BlackFideId "16213351"]
[EventCountry "GER"]
[EventRounds "11"]
[EventType "swiss"]
[EventDate "2017.06.03"]

1. Nf3 c5 2. g3 Nc6 3. Bg2 d5 4. d4 cxd4 5. Nxd4 e5 6. Nxc6 bxc6 7. c4 Be6 8.
O-O Qd7 9. Qa4 Rc8 10. f4 Bc5+ 11. Kh1 Nf6 12. fxe5 Ng4 13. e3 Bxe3 14. Bxe3
Nxe3 15. Re1 Nxc4 16. Qc2 O-O 17. Nd2 Nb6 18. b3 Rfe8 19. Re2 Bf5 20. Qb2 Qc7
21. Rae1 1/2-1/2

[Event "DEM U10 2017"]
[Site "Willingen GER"]
[Date "2017.06.10"]
[Round "11"]
[White "Zweigait, Leon"]
[Black "Bolz, Jannis"]
[Result "1/2-1/2"]
[Termination "normal"]
[Board "14"]
[WhiteElo "1442"]
[BlackElo "1333"]
[PlyCount "91"]
[WhiteFideId "16201388"]
[BlackFideId "16214897"]
[EventCountry "GER"]
[EventRounds "11"]
[EventType "swiss"]
[EventDate "2017.06.03"]

1. c4 b6 2. g3 Bb7 3. Nf3 Nf6 4. Nc3 e6 5. a3 c5 6. Bg2 d5 7. Ne5 Bd6 8. Nd3
Nbd7 9. e3 Qc8 10. Nb5 Be7 11. cxd5 Nxd5 12. O-O Ba6 13. a4 Bb7 14. b3 a6 15.
Na3 O-O 16. Bb2 Bf6 17. Nc4 Bxb2 18. Ndxb2 Qc7 19. d3 Nb4 20. Bxb7 Qxb7 21. Qd2
b5 22. Nd6 Qd5 23. Ne4 f5 24. Nc3 Qxb3 25. axb5 Ne5 26. f4 Nd7 27. Nc4 axb5 28.
Rab1 Qc2 29. Qxc2 Nxc2 30. Rxb5 Na3 31. Nxa3 Rxa3 32. Rc1 Rc8 33. Kf2 e5 34.
Ke2 exf4 35. gxf4 Nf6 36. h3 Kf8 37. Kf3 Nh5 38. Ne2 Rxd3 39. Rcxc5 Rxc5 40.
Rxc5 g6 41. Nd4 Nf6 42. Ne6+ Ke7 43. Re5 Kf7 44. Ng5+ Kg8 45. Re6 Nd5 46. Re8+
1/2-1/2

[Event "DEM U10 2017"]
[Site "Willingen GER"]
[Date "2017.06.10"]
[Round "11"]
[White "Ehrig, Leon Chris"]
[Black "Fink, Moritz"]
[Result "1-0"]
[Termination "normal"]
[Board "15"]
[WhiteElo "1484"]
[BlackElo "1162"]
[PlyCount "121"]
[WhiteFideId "16244796"]
[BlackFideId "16235711"]
[EventCountry "GER"]
[EventRounds "11"]
[EventType "swiss"]
[EventDate "2017.06.03"]

1. e4 e5 2. Nf3 Nc6 3. Bc4 Nf6 4. d3 Bc5 5. Nc3 d6 6. h3 a6 7. Bg5 h6 8. Bh4 g5
9. Bg3 g4 10. hxg4 Bxg4 11. Bh4 Rg8 12. Nd5 Rg6 13. Nxf6+ Rxf6 14. Bxf6 Qxf6
15. c3 O-O-O 16. Qe2 Na5 17. Bb3 Nxb3 18. axb3 d5 19. b4 Ba7 20. O-O-O d4 21.
c4 Rd6 22. Kc2 Rb6 23. Qd2 Bxf3 24. gxf3 Qxf3 25. Rxh6 Rxh6 26. Qxh6 Qxf2+ 27.
Rd2 Qf4 28. Qxf4 exf4 29. Rf2 Kd7 30. Rxf4 Ke6 31. Rf5 b6 32. Rd5 c6 33. Rd8 b5
34. c5 a5 35. Ra8 Bxc5 36. bxc5 a4 37. b3 axb3+ 38. Kxb3 f5 39. exf5+ Kxf5 40.
Rc8 Ke6 41. Rxc6+ Kd5 42. Rc8 Ke6 43. Kb4 Kd7 44. Kxb5 Kxc8 45. Kc6 Kd8 46. Kb7
Kd7 47. c6+ Kd6 48. c7 Ke5 49. c8=Q Kf4 50. Qe8 Kf5 51. Qe4+ Kg5 52. Qf3 Kg6
53. Qf4 Kg7 54. Qf5 Kg8 55. Qd7 Kf8 56. Kc6 Kg8 57. Kd6 Kf8 58. Ke6 Kg8 59. Kf6
Kh8 60. Kg6 Kg8 61. Qd8# 1-0

[Event "DEM U10 2017"]
[Site "Willingen GER"]
[Date "2017.06.10"]
[Round "11"]
[White "Grabs, Peter"]
[Black "Strehse, Nelson"]
[Result "0-1"]
[Termination "normal"]
[Board "16"]
[WhiteElo "1281"]
[BlackElo "1042"]
[PlyCount "124"]
[WhiteFideId "16203887"]
[BlackFideId "16228898"]
[EventCountry "GER"]
[EventRounds "11"]
[EventType "swiss"]
[EventDate "2017.06.03"]

1. e4 e5 2. Nf3 Nc6 3. Bc4 Bc5 4. O-O Nf6 5. Nc3 d6 6. h3 Be6 7. Bb3 O-O 8. d3
h6 9. Be3 Bb6 10. Qd2 Nd4 11. Bxd4 exd4 12. Na4 Bc5 13. Nxc5 dxc5 14. Rfe1 Re8
15. Nh4 c6 16. Bxe6 Rxe6 17. Nf5 Ne8 18. f4 Nd6 19. Nxd6 Qxd6 20. f5 Ree8 21.
Qf2 Qf6 22. Re2 g6 23. Rae1 Re5 24. fxg6 Qxf2+ 25. Rxf2 fxg6 26. Ref1 Rae8 27.
Rf7 R5e7 28. R7f6 Kg7 29. Kh2 Rd8 30. b3 Rdd7 31. Kg3 Rf7 32. Rxf7+ Rxf7 33.
Rxf7+ Kxf7 34. Kg4 Ke6 35. h4 b5 36. Kf4 a6 37. g4 a5 38. a4 Kf6 39. g5+ hxg5+
40. hxg5+ Ke6 41. Kg4 Ke5 42. Kf3 c4 43. Kg4 bxa4 44. bxa4 c3 45. Kf3 c5 46.
Ke2 Kf4 47. Kf2 c4 48. Ke2 Ke5 49. Kd1 cxd3 50. cxd3 Kf4 51. Kc2 Kxg5 52. Kd1
Kf4 53. Ke2 g5 54. Kd1 g4 55. Kc2 g3 56. Kb3 g2 57. Kc4 g1=Q 58. e5 Kxe5 59.
Kc5 Qg2 60. Kb6 Kd6 61. Kxa5 Kc5 62. Ka6 Qa8# 0-1

[Event "DEM U10 2017"]
[Site "Willingen GER"]
[Date "2017.06.10"]
[Round "11"]
[White "Greßler, Christian"]
[Black "Schwartz, Oliver"]
[Result "0-1"]
[Termination "normal"]
[Board "17"]
[WhiteElo "1198"]
[BlackElo "1517"]
[PlyCount "94"]
[WhiteFideId "16244907"]
[BlackFideId "16207459"]
[EventCountry "GER"]
[EventRounds "11"]
[EventType "swiss"]
[EventDate "2017.06.03"]

1. e4 c5 2. Nf3 g6 3. d4 cxd4 4. Qxd4 Nf6 5. e5 Nc6 6. Qa4 Nd5 7. Qe4 Nb6 8.
Nc3 Bg7 9. Bf4 O-O 10. O-O-O a5 11. Bb5 Na7 12. Be3 Nxb5 13. Nxb5 a4 14. h4 h5
15. g4 hxg4 16. Qxg4 d5 17. Qg5 Nc4 18. a3 Nxe3 19. Qxe3 Bf5 20. Nbd4 Be4 21.
Rh3 Qd7 22. Nd2 Bxe5 23. Nxe4 dxe4 24. h5 Bf4 25. Qxf4 Qxh3 26. Qxe4 Qxh5 27.
Rh1 Qg5+ 28. Kb1 Rfd8 29. f4 Qf6 30. c3 Qd6 31. Rg1 Qd5 32. Qxe7 Re8 33. Qh4
Qe4+ 34. Ka2 Qe7 35. Qh6 Qf8 36. Qh4 Qg7 37. Nf3 Qh7 38. Qg5 Re2 39. Ne5 Kf8
40. Nxg6+ fxg6 41. Qc5+ Qe7 42. Qd4 Qe6+ 43. c4 Rc8 44. Qh8+ Qg8 45. Qf6+ Ke8
46. Rxg6 Qxc4+ 47. Kb1 Re1# 0-1

[Event "DEM U10 2017"]
[Site "Willingen GER"]
[Date "2017.06.10"]
[Round "11"]
[White "Bock, Marlon"]
[Black "Phan Trong, Dai"]
[Result "1/2-1/2"]
[Termination "normal"]
[Board "18"]
[WhiteElo "1148"]
[BlackElo "1392"]
[PlyCount "43"]
[WhiteFideId "16244931"]
[BlackFideId "16236939"]
[EventCountry "GER"]
[EventRounds "11"]
[EventType "swiss"]
[EventDate "2017.06.03"]

1. c4 c5 2. Nc3 Nc6 3. g3 g6 4. Bg2 Bg7 5. a3 e6 6. b4 cxb4 7. axb4 Nxb4 8. Ba3
Nc6 9. Nb5 Nge7 10. Nd6+ Kf8 11. Rb1 Qc7 12. e3 Kg8 13. Ne2 a6 14. O-O Be5 15.
Ne4 Kg7 16. d4 Bf6 17. d5 Nf5 18. dxc6 bxc6 19. Qd2 Re8 20. Bb2 Bxb2 21. Qxb2+
e5 22. Rfd1 1/2-1/2

[Event "DEM U10 2017"]
[Site "Willingen GER"]
[Date "2017.06.10"]
[Round "11"]
[White "Petzke, Julian"]
[Black "Richter, Nicholas"]
[Result "1/2-1/2"]
[Termination "normal"]
[Board "19"]
[WhiteElo "1279"]
[BlackElo "1369"]
[PlyCount "41"]
[WhiteFideId "16244885"]
[BlackFideId "16244834"]
[EventCountry "GER"]
[EventRounds "11"]
[EventType "swiss"]
[EventDate "2017.06.03"]

1. e4 e5 2. Nf3 Nf6 3. Nxe5 d6 4. Nf3 Nxe4 5. Nc3 Nxc3 6. dxc3 Bg4 7. h3 Bh5 8.
Be2 Nc6 9. O-O Be7 10. Bf4 O-O 11. Re1 Re8 12. Qd2 f6 13. Nd4 Bf7 14. Bf3 Nxd4
15. cxd4 d5 16. c3 c6 17. Bg3 Bd6 18. Rxe8+ Bxe8 19. Bxd6 Qxd6 20. Re1 Bg6 21.
Qd1 1/2-1/2

[Event "DEM U10 2017"]
[Site "Willingen GER"]
[Date "2017.06.10"]
[Round "11"]
[White "Wessel, Daniel"]
[Black "Fathke, Luke"]
[Result "1-0"]
[Termination "normal"]
[Board "20"]
[WhiteElo "1098"]
[BlackElo "1327"]
[PlyCount "41"]
[WhiteFideId "16244982"]
[BlackFideId "16230230"]
[EventCountry "GER"]
[EventRounds "11"]
[EventType "swiss"]
[EventDate "2017.06.03"]

1. e4 e5 2. Nf3 Nc6 3. Bc4 Nf6 4. Ng5 d5 5. exd5 Nd4 6. c3 b5 7. Bb3 Nxb3 8.
Qxb3 a6 9. d6 Qxd6 10. Qxf7+ Kd8 11. Qb3 Ke8 12. Nf7 Qe7 13. Nxh8 Be6 14. Qc2
Rd8 15. O-O Qc5 16. Re1 Ng4 17. d4 Qd6 18. h3 Nf6 19. Bg5 Qd7 20. dxe5 Bf5 21.
exf6+ 1-0

[Event "DEM U10 2017"]
[Site "Willingen GER"]
[Date "2017.06.10"]
[Round "11"]
[White "Kageler, Anton Paul"]
[Black "Meusel, Johannes"]
[Result "1-0"]
[Termination "normal"]
[Board "22"]
[WhiteElo "1341"]
[BlackElo "1212"]
[PlyCount "149"]
[WhiteFideId "16244850"]
[BlackFideId "16244893"]
[EventCountry "GER"]
[EventRounds "11"]
[EventType "swiss"]
[EventDate "2017.06.03"]

1. e4 e5 2. Nf3 Nc6 3. Bc4 Bc5 4. c3 Nf6 5. d4 exd4 6. e5 d5 7. Bb5 Ne4 8. cxd4
Bb4+ 9. Bd2 Nxd2 10. Nbxd2 Bd7 11. O-O O-O 12. a3 Ba5 13. b4 Bb6 14. Nb3 a6 15.
Be2 a5 16. b5 Na7 17. a4 c6 18. Nc5 Bxc5 19. dxc5 cxb5 20. Qxd5 Bc6 21. Qd6
bxa4 22. Bd1 Nb5 23. Qxd8 Rfxd8 24. Bxa4 Nc3 25. Bxc6 bxc6 26. Ra3 Rd3 27. Rfa1
Rd1+ 28. Rxd1 Nxd1 29. Nd4 Ra6 30. Nb3 a4 31. Kf1 Nb2 32. g3 Nc4 33. Ra2 Nxe5
34. Nd4 Nd7 35. Re2 f6 36. Re6 Nxc5 37. Rxc6 Rxc6 38. Nxc6 a3 39. Nb4 Nd3 40.
Nc2 a2 41. Ke2 Nc1+ 42. Kd2 Nb3+ 43. Kc3 a1=Q+ 44. Nxa1 Nxa1 45. Kb2 g5 46.
Kxa1 Kg7 47. Kb2 Kg6 48. Kc3 Kh5 49. h3 f5 50. Kd3 f4 51. Ke4 fxg3 52. fxg3 g4
53. h4 Kg6 54. Kf4 h5 55. Ke5 Kh6 56. Kf5 Kh7 57. Kg5 Kg7 58. Kxh5 Kf6 59. Kxg4
Kg6 60. Kf4 Kh5 61. g4+ Kg6 62. h5+ Kf6 63. h6 Kg6 64. g5 Kh7 65. Kf5 Kh8 66.
Kf6 Kh7 67. g6+ Kg8 68. g7 Kh7 69. Kf7 Kxh6 70. g8=Q Kh5 71. Kf6 Kh4 72. Kf5
Kh3 73. Kf4 Kh2 74. Kf3 Kh3 75. Qg3# 1-0

[Event "DEM U10 2017"]
[Site "Willingen GER"]
[Date "2017.06.10"]
[Round "11"]
[White "Willsch, Justin"]
[Black "Müller, Maximilian"]
[Result "1/2-1/2"]
[Termination "normal"]
[Board "23"]
[WhiteElo "1221"]
[BlackElo "1234"]
[PlyCount "41"]
[WhiteFideId "16229762"]
[BlackFideId "16243552"]
[EventCountry "GER"]
[EventRounds "11"]
[EventType "swiss"]
[EventDate "2017.06.03"]

1. d4 d5 2. c4 e6 3. g3 Nf6 4. Bg2 Bd7 5. Nf3 Nc6 6. Nbd2 g6 7. O-O Bg7 8. b3
O-O 9. Bb2 Ne7 10. Qc2 c6 11. Rfe1 Rc8 12. Rac1 Re8 13. e4 dxe4 14. Nxe4 Nxe4
15. Qxe4 Nf5 16. Qb1 Qb6 17. Rcd1 Rcd8 18. d5 Bxb2 19. Qxb2 cxd5 20. cxd5 exd5
21. Rxd5 1/2-1/2

[Event "DEM U10 2017"]
[Site "Willingen GER"]
[Date "2017.06.10"]
[Round "11"]
[White "Althaus, Lennart"]
[Black "Friedhoff, Mirco"]
[Result "1-0"]
[Termination "normal"]
[Board "24"]
[WhiteElo "1161"]
[BlackElo "1095"]
[PlyCount "73"]
[WhiteFideId "16244923"]
[BlackFideId "16243447"]
[EventCountry "GER"]
[EventRounds "11"]
[EventType "swiss"]
[EventDate "2017.06.03"]

1. c4 e5 2. Nc3 Nc6 3. e4 Nf6 4. g3 d6 5. Bg2 Be6 6. d3 Qd7 7. Bg5 Be7 8. Nge2
O-O-O 9. Qd2 Kb8 10. Nd5 h6 11. Be3 a6 12. Nec3 Bxd5 13. Nxd5 Nxd5 14. exd5 Nd4
15. Bxd4 exd4 16. b4 Rde8 17. O-O Bg5 18. Qb2 Bf6 19. a4 Qg4 20. a5 Re2 21. Qb3
Rhe8 22. b5 Ka7 23. b6+ cxb6 24. Qxb6+ Ka8 25. Rab1 Rb8 26. Qxd6 Be7 27. Qc7
Qg6 28. Rxb7 Rxb7 29. d6 Reb2 30. Qxe7 Kb8 31. Bxb7 Rxb7 32. Qe8+ Ka7 33. d7
Qd6 34. d8=Q Qb8 35. Qxb8+ Rxb8 36. Qxf7+ Rb7 37. Qd5 1-0

[Event "DEM U10 2017"]
[Site "Willingen GER"]
[Date "2017.06.10"]
[Round "11"]
[White "Brandstrup, Luca Alexander"]
[Black "Schott, Andy"]
[Result "0-1"]
[Termination "normal"]
[Board "25"]
[WhiteElo "1083"]
[BlackElo "1143"]
[PlyCount "74"]
[WhiteFideId "16244990"]
[BlackFideId "16244940"]
[EventCountry "GER"]
[EventRounds "11"]
[EventType "swiss"]
[EventDate "2017.06.03"]

1. e4 e5 2. Nf3 Nc6 3. d4 exd4 4. Nxd4 Nf6 5. Nc3 Bb4 6. Nxc6 bxc6 7. Bd3 d5 8.
exd5 cxd5 9. O-O O-O 10. Bg5 c6 11. Qf3 Bd6 12. h3 h6 13. Bh4 Rb8 14. Rab1 Re8
15. b3 Bc7 16. Bg3 Bxg3 17. Qxg3 Rb7 18. Ba6 Rbe7 19. Bxc8 Qxc8 20. f3 Qf5 21.
Qf2 Qg6 22. Qd2 Nh5 23. g4 Re6 24. Kh2 Nf6 25. f4 Re3 26. Rf2 Nxg4+ 27. hxg4
Qxg4 28. Kh1 Rh3+ 29. Rh2 Ree3 30. Qg2 Qxg2+ 31. Kxg2 Rxh2+ 32. Kxh2 Rxc3 33.
Rc1 Kh7 34. f5 g6 35. fxg6+ fxg6 36. Kg2 h5 37. Kf2 d4 0-1

[Event "DEM U10 2017"]
[Site "Willingen GER"]
[Date "2017.06.10"]
[Round "11"]
[White "Sommer, Justus"]
[Black "Zinnikus, Elias"]
[Result "1-0"]
[Termination "normal"]
[Board "27"]
[WhiteElo "1081"]
[BlackElo "776"]
[PlyCount "65"]
[WhiteFideId "16245008"]
[BlackFideId "16245024"]
[EventCountry "GER"]
[EventRounds "11"]
[EventType "swiss"]
[EventDate "2017.06.03"]

1. e4 d6 2. d4 Nf6 3. Nc3 g6 4. Nf3 Bg7 5. Bc4 O-O 6. O-O c6 7. Bf4 b5 8. Bd3
Nbd7 9. Re1 Qc7 10. Qd2 e5 11. dxe5 dxe5 12. Be3 Rd8 13. Rad1 Bb7 14. Qe2 Rac8
15. a3 a6 16. b4 c5 17. bxc5 Nxc5 18. Bd2 Nxd3 19. cxd3 Nd7 20. Rf1 Nc5 21. Be1
Qd7 22. Bd2 Nxd3 23. Bg5 f6 24. Be3 Rxc3 25. Bb6 Rdc8 26. Ne1 Qc6 27. Nxd3 Qxb6
28. Qa2+ Kh8 29. Rfe1 Rd8 30. Qf7 Qc7 31. Qe6 Qd7 32. Qb6 Qc6 33. Qxd8+ 1-0

[Event "DEM U10 2017"]
[Site "Willingen GER"]
[Date "2017.06.10"]
[Round "11"]
[White "Tran Minh, Hieu"]
[Black "Hubert, Nikita"]
[Result "1-0"]
[Termination "normal"]
[Board "28"]
[WhiteElo "1315"]
[BlackElo "957"]
[PlyCount "35"]
[WhiteFideId "16244877"]
[BlackFideId "16235754"]
[EventCountry "GER"]
[EventRounds "11"]
[EventType "swiss"]
[EventDate "2017.06.03"]

1. e4 e5 2. Nf3 d6 3. Bc4 Be7 4. d3 Nc6 5. a3 Nf6 6. c3 Na5 7. Ba2 c5 8. O-O
Bg4 9. h3 Bh5 10. Be3 Nc6 11. Nbd2 O-O 12. Re1 Re8 13. Nf1 h6 14. Ng3 Bg6 15.
Nh4 Bh7 16. Nhf5 Qc7 17. Qb3 b6 18. Qxf7+ 1-0